[Event "Biella op 1st"]
[Site "Biella"]
[Date "2010.09.24"]
[Round "1"]
[White "Argiolas, Alberto"]
[Black "Siclari, Giovanni"]
[Result "1-0"]
[WhiteElo "1867"]
[BlackElo "1443"]
[PlyCount "59"]
[EventDate "2010.09.24"]
[EventType "swiss"]
[EventRounds "5"]
[EventCountry "ITA"]
[SourceTitle "EXT 2024"]
[Source "ChessBase"]
[SourceDate "2023.10.10"]
[SourceVersion "1"]
[SourceVersionDate "2023.10.10"]
[SourceQuality "1"]

1. e4 c5 2. Nf3 e6 3. d4 cxd4 4. Nxd4 Nc6 5. a3 Nf6 6. Nc3 Bc5 7. Nb3 Be7 8. Be2 0-0 9. Be3 d5 10. exd5 exd5 11. 0-0 b6 12. Bf3 Be6 13. Nd4 Ne5 14. Be2 Nfg4 15. Nxe6 Nxe3 16. Nxd8 Nxd1 17. Raxd1 Raxd8 18. Nxd5 Bd6 19. Rd2 Rfe8 20. Rfd1 Re6 21. Nc7 Rh6 22. Nb5 Nc4 23. Bxc4 Bxh2+ 24. Kf1 Re8 25. Rd8 Kf8 26. Rxe8+ Kxe8 27. g3 f5 28. Nd6+ Kf8 29. Nxf5 Rf6 30. Rd8# 1-0